Statistisches Handbuch für die Republik Österreich 1984

Salvato in:
Dettagli Bibliografici
Natura: Libro
Lingua:tedesco
Pubblicazione: Wien Österreichisches Statistisches Zentralamt 1984
Tags: Aggiungi Tag
Nessun Tag, puoi essere il primo ad aggiungerne!!

MARC

LEADER 00000nam a2200000 4500
001 c106859
005 20250818083344.7
041 0 |a ger 
044 |a AT 
245 1 0 |a Statistisches Handbuch für die Republik Österreich 1984 
264 1 |a Wien  |b Österreichisches Statistisches Zentralamt  |c 1984 
300 |a 664 s.